000 00513nam a2200145 4500
999 _c16269
_d16269
008 210920b ||||| |||| 00| 0 eng d
022 _a0732-8435
082 _aDPer 657.05 C33 Apr - Sept 2016, v86 n4-9
100 _aRadin, Arthur J.
_942735
245 _aSustainability assurance reporting:
_ba nascent niche, likely to grow/
_cArthur J. Radin.
260 _aNew York:
_bThe New York State Society of CPA,
_c©2016.
300 _av86 n6, pages 10-11;
_c28 cm.
650 _aAccounting.
_943599
942 _2ddc
_cPER